QUEST Central Library Banner

Machine Tool Engineering (Record no. 9102)

MARC details
000 -LEADER
fixed length control field 00240nam a2200109 4500
082 ## - DEWEY DECIMAL CLASSIFICATION NUMBER
Classification number NAG
100 ## - MAIN ENTRY--AUTHOR NAME
Personal name Nagpal, G.R.
245 ## - TITLE STATEMENT
Title Machine Tool Engineering
250 ## - EDITION STATEMENT
Edition statement 7th ed.
260 ## - PUBLICATION, DISTRIBUTION, ETC. (IMPRINT)
Place of publication New Delhi:
Name of publisher Khanna Publishers,
Year of publication 1997.
942 ## - ADDED ENTRY ELEMENTS (KOHA)
Koha item type Books
Holdings
Withdrawn status Lost status Collection code Home library Current library Date acquired Cost, normal purchase price Full call number Accession Number Koha item type
    Reference Reference Section Reference Section 25/08/2014 130.00 NAG 19970 (Shelf - 68B) Books

Copyright © 2018,The QUEST, Nawabshah, Shaheed Benazirabad. All rights reserved
Mr. G. Farooq Channar (Librarian) QUEST, Nawabshah, Sindh, Pakistan 67480.
 Ph#: |   0244-9370381-4 Ext. 2308   Email| lib@quest.edu.pk   Web|  http://www.quest.edu.pk